| 000 | 01025cam a2200289 4500 | ||
|---|---|---|---|
| 999 |
_c127334 _d127334 |
||
| 001 | 765519 | ||
| 003 | ARRUPE | ||
| 005 | 20180110154241.0 | ||
| 008 | 711109s1971 enkabf b 001 0 eng | ||
| 010 | _a 70162375 | ||
| 015 | _aB71-20838 | ||
| 020 | _a0128091509 | ||
| 040 |
_aDLC _cDLC _dDLC |
||
| 043 | _af-mg--- | ||
| 050 | 0 | 0 |
_aDT469.M264 _bB56 1971 |
| 082 | 0 | 0 | _a301.29/69/1 |
| 100 | 1 |
_aBloch, Maurice. _930376 |
|
| 245 | 1 | 0 |
_aPlacing the dead: _b tombs, ancestral villages and kinship organization in Madagascar. _cMaurice Bloch |
| 260 |
_aLondon _bSeminar Press Ltd., _c1971. |
||
| 300 |
_axi, 241 p. _c24 cm. |
||
| 350 | _a£3.50 | ||
| 490 | 0 | _aSeminar studies in anthropology, 1 | |
| 500 | _aOriginally presented as the author's thesis, Cambridge University. | ||
| 504 | _aBibliography: p. 227-231. | ||
| 650 | 0 |
_aHovas _938351 |
|
| 906 |
_a7 _bcbc _corignew _d3 _encip _f19 _gy-gencatlg |
||
| 942 |
_2lcc _cMONOGRAPH |
||